Estadísticas para Rosco de Pasapalabra #63

Haz click aquí para intentar la prueba.

Estadísticas generales

  • Esta prueba ha sido intentada 77 veces
  • La puntuación promedio es 14 de 25

Estadísticas de respuestas

InicialDefiniciónRespuesta% Correcto
CViaje de placer en barco, con escala en varios lugaresCrucero
97%
Contiene la ÑMano cerradaPuño
95%
AConvenio entre dos o más partesAcuerdo
87%
GPrimate antropoide de África ecuatorial, fuerte y corpulento, de pelaje oscuro, y que puede alcanzar dos metros de alturaGorila
86%
JComodín de la baraja francesaJoker
86%
MBarrita de grafito que va en el interior de un lápizMina
86%
DActividad física, ejercida como juego o competición, cuya práctica supone entrenamiento y sujeción a normasDeporte
83%
IExpresión que da a entender algo contrario o diferente de lo que se dice, generalmente como burla disimuladaIronía
78%
BÓrgano propio de los vertebrados, situado a la izquierda del estómago, que participa en la formación de los linfocitosBazo
76%
USigla de la antigua Unión de Repúblicas Socialistas SovieticasURSS
76%
OSustancia narcótica y muy adictiva que se extrae de la adormideraOpio
75%
VParticipio del verbo vaciarVaciado
70%
NLocal o cobertizo destinado a almacén o en que está instalada una industriaNave
60%
ZProvincia española a la que pertenecen los municipios de Calatayud y TarazonaZaragoza
60%
PEmbarcación pequeña, estrecha y muy ligera, propulsada a remo, que se usa en los ríos y en algunas playasPiragua
48%
TPorción pequeña y compacta de una sustancia que suele presentarse en grano o en polvo, como el azúcarTerrón
48%
SParte de la carne de una res que se extiende entre las costillas y el lomoSolomillo
41%
Contiene la XEspacio de terreno allanadoExplanada
40%
EDistribución y orden de las partes importantes de un edificioEstructura
30%
HSatisfacer sobradamente el deseo o la necesidad que alguien tiene de comerHartar
30%
Contiene la QAntipatía que provoca en una persona hostilidad hacia otraInquina
13%
FCiudad de Japón en la que se encuentra el Jardín de YokokanFukui
3%
LApellido del pintor autor de la obra "Triunfo de un emperador romano con dos reyes prisioneros"Lanfranco
3%
Contiene la YTítulo de jefe o príncipe musulmán que gobernaba la regencia de ArgelDey
2%
RLibro o manual que es un resumen de una materia en poco espacio, para facilitar su estudioRemediavagos
2%

Distribución de puntuación

Porcentaje por número respondido

Porcentaje de gente con cada puntuación

Historial de tus puntuaciones

No has intentado esta prueba.